000 00578nam a2200181Ia 4500
008 090122s9999 xx 000 0 und d
082 _b1198
_a891.4681
100 _aमाळी
_bगजमल
245 _aप्राचीन अरण्यानक कविता
260 _bव्हीनस
_c1966
300 _a104
501 _a--
600 _aमाळी
630 _aप्राचीन अरण्यानक कविता
700 _aमाळी
730 _aप्राचीन अरण्यानक कविता
942 _cBOOK
999 _c25276
_d25276